|
|
|
|
| LEADER |
00000nam0a2200000 4500 |
| 001 |
238264 |
| 005 |
20231101231609.0 |
| 035 |
|
|
|a (RuTPU)RU\TPU\book\259450
|
| 090 |
|
|
|a 238264
|
| 100 |
|
|
|a 20130523d1963 k y0rusy50 ca
|
| 101 |
0 |
|
|a rus
|
| 102 |
|
|
|a RU
|
| 105 |
|
|
|a a z 001zy
|
| 200 |
1 |
|
|a Легированная сталь
|f Н. Ф. Вязников
|
| 210 |
|
|
|a Москва
|c Металлургиздат
|d 1963
|
| 215 |
|
|
|a 271 с.
|c ил.
|
| 320 |
|
|
|a Библиогр.: с. 268-271.
|
| 606 |
1 |
|
|a Сталь
|x Легирующие элементы
|2 stltpush
|3 (RuTPU)RU\TPU\subj\56291
|9 74204
|
| 610 |
1 |
|
|a сплавы
|
| 610 |
1 |
|
|a отжиг
|
| 610 |
1 |
|
|a закалка
|
| 610 |
1 |
|
|a химико-термическая обработка
|
| 610 |
1 |
|
|a редкоземельные элементы
|
| 675 |
|
|
|a 669.15-194
|v 3
|
| 700 |
|
1 |
|a Вязников
|b Н. Ф.
|g Николай Филиппович
|
| 801 |
|
1 |
|a RU
|b 63413507
|c 20130523
|
| 801 |
|
2 |
|a RU
|b 63413507
|c 20131115
|g RCR
|
| 942 |
|
|
|c BK
|